000 00503nam a2200193Ia 4500
001 68516
008 150918s9999 xx 000 0 und d
020 _a0696000938
040 _cPK-LaUMT
082 _aRCC 398.20938
_bGRE-
100 _aSquire, James R.
245 _aGreek myths and legenos
_cSquire, James R.|Squire, Barbara L.
260 _aNew York,USA:
_bMacmillan,
_c1967
300 _a252 p
546 _aEN
650 _aInterior decoration
700 _aSquire, Barbara L.
942 _cBK
999 _c76105
_d76105